Представление документа в формате RUSMARC

ПолеНазваниеЗначение
  Тип записи a
  Библиографический уровень a
001 Контрольный номер RU/CBS_UL/BASE/5c5b5f89f3e44ba39db66dbde0c6b48a
005 Дата корректировки 20260205161124.4
100 Данные общей обработки __
a Данные общей обработки 20260205 ||| 0rusy0189 ca
101 Язык документа 0_
a Язык текста rus
102 Страна публикации __
a Страна публикации RU
200 Заглавие и сведения об ответственности 1_
a Заглавие Елена Плаксина: "Я отличаюсь от того, что обычно понимают под словом "актриса"
e Сведения, относящиеся к заглавию [беседа с актрисой Е. Плаксиной о жизни и творчестве]
f Первые сведения об ответственности Е. Плаксина
300 Общие примечания __
a Общие примечания 16+
461 Уровень набора _0
1 2000
a Коллекция КАРАВАН историй
463 Уровень физической единицы _0
1 2000
a № 1
v С. 58-81 : фот.
1 2101
d 2026
1 001RU/CBS_UL/BASE/acf7af95dd5d4fbaae423ecf9693e707
600 Персоналии _1
a Персоналии (Фамилия) Плаксина
b Персоналии (Имя, инициалы) Е.В.
606 Тематические рубрики 0_
a Основная рубрика Плаксина, Елена Валерьевна (1982)
610 Ключевые слова 0_
a Ключевые слова актрисы, актрисы российские, актрисы театра и кино
686 Индексы других классификаций __
2 Код системы rubbk
a Классификационный индекс 85.374(2)
700 Автор _1
a Фамилия Плаксина
b Имя (инициалы) Е.
801 Источник записи _0
a Страна RU
b Организация МБУК ЦБС г. Ульяновска
c Дата составления 20260205
g Правила каталогизации RCR
801 Источник записи _1
a Страна RU
b Организация МБУК ЦБС г. Ульяновска
c Дата составления 20260205
g Правила каталогизации RCR
901 Тип документа __
t Тип документа b
w Контрольный № источника RU/CBS_UL/BASE/acf7af95dd5d4fbaae423ecf9693e707
909 Создатель записи __
a Создатель записи lib1